| 000 | 01059cam a2200349 a 4500 | ||
|---|---|---|---|
| 001 | 562286 | ||
| 003 | BD-DhUL | ||
| 005 | 20160511101321.0 | ||
| 008 | 870508s1985 bg b 000 0 eng | ||
| 010 | _a 85905275 | ||
| 035 | _a(OCoLC)15591999 | ||
| 035 | _a(OCoLC)ocm15591999 | ||
| 035 | _a(CStRLIN)NYCG87-B42416 | ||
| 035 | _a(NNC)562286 | ||
| 040 |
_aBD-DhUL _cBD-DhUL |
||
| 043 | _aaz----- | ||
| 050 | 0 |
_aHC430.6 _b.R34 1985 |
|
| 082 | 0 |
_a330.54 _bATP |
|
| 090 | _b.R34 1985 | ||
| 100 | 1 | _aRahman, Atiur. | |
| 245 | 1 | 0 |
_aPolitical economy of SARC / _cAtiur Rahman. |
| 260 |
_aDhaka : _bDhaka University Press, _c1985. |
||
| 300 |
_ax, 99 p. ; _c21 cm. |
||
| 365 |
_aBDT _b50.00 |
||
| 504 | _aIncludes bibliographical references. | ||
| 610 | 2 | 0 | _aSouth Asian Regional Cooperation. |
| 651 | 0 |
_aSouth Asia _xEconomic conditions. |
|
| 651 | 0 |
_aSouth Asia _xForeign economic relations. |
|
| 710 | 2 | _aSouth Asian Regional Cooperation. | |
| 900 | _aAUTH | ||
| 942 |
_2ddc _cBK |
||
| 999 |
_c63088 _d63088 |
||